Regional report (Record no. 81275)
[ view plain ]
| 000 -LEADER | |
|---|---|
| fixed length control field | 01012cab a22001935a 4500 |
| 001 - CONTROL NUMBER | |
| control field | L146752 |
| 008 - FIXED-LENGTH DATA ELEMENTS--GENERAL INFORMATION | |
| fixed length control field | 090224e20090220xxka f 000 0 eng d |
| 035 ## - SYSTEM CONTROL NUMBER | |
| System control number | (Sirsi) u146752 |
| 041 0# - LANGUAGE CODE | |
| Language code of text/sound track or separate title | eng |
| 100 1# - MAIN ENTRY--PERSONAL NAME | |
| Personal name | Eade, Christine |
| 245 00 - TITLE STATEMENT | |
| Title | Regional report |
| Remainder of title | Bristol, Bath and Swindon |
| 260 ## - PUBLICATION, DISTRIBUTION, ETC. | |
| Date of publication, distribution, etc. | 2009 |
| 490 #0 - SERIES STATEMENT | |
| Series statement | Property Week |
| Volume/sequential designation | 75(8) 20 February 2009, 69-85(8) |
| 520 ## - SUMMARY, ETC. | |
| Summary, etc. | Reviews local developments and news. Reports on how Bristol's Mall Galleries are struggling to cope with the effects of the recession and how underground car parks are the focus of activity as developers wait for the market to pick up. Reveals the crisis in retailing has spread to the logistics market and that land has been bought by Ashfield Land without planning consent. Reports on the office market in Swindon and how retailers in Bath have benefitted from the opening of the spa. |
| 590 ## - LOCAL NOTE (RLIN) | |
| Local note | KA |
| 651 #4 - SUBJECT ADDED ENTRY--GEOGRAPHIC NAME | |
| Geographic name | South West (England) |
| Chronological subdivision | 1994- |
| 690 ## - LOCAL SUBJECT ADDED ENTRY--TOPICAL TERM (OCLC, RLIN) | |
| Topical term or geographic name as entry element | PROPERTY-COMMERCIAL PROPERTY-COMMERCIAL PROPERTY MARKET |
| 942 ## - ADDED ENTRY ELEMENTS (KOHA) | |
| Suppress in OPAC | 0 |
| Withdrawn status | Lost status | Source of classification or shelving scheme | Damaged status | Not for loan | Home library | Current library | Shelving location | Date acquired | Total Checkouts | Full call number | Barcode | Date last seen | Copy number | Price effective from | Koha item type |
|---|---|---|---|---|---|---|---|---|---|---|---|---|---|---|---|
| Dewey Decimal Classification | London | London | Journal article | 24/02/2009 | L146752 | 146752-1001 | 06/08/2019 | 1 | 06/08/2019 | Journal article |